Cavs 2017-18 Roster - Statistics

General Stats
  • This quiz has been taken 64 times
  • The average score is 13 of 22
Answer Stats
Hint Answer % Correct
23 LeBron James
100%
0 Kevin Love
93%
5 J.R. Smith
88%
13 Tristan Thompson
88%
3 Isaiah Thomas
81%
9 Dwyane Wade
79%
1 Derrick Rose
74%
99 Jae Crowder
71%
26 Kyle Korver
69%
3 George Hill
67%
22 + 24 Larry Nance Jr.
60%
16 Cedi Osman
57%
8 Channing Frye
57%
4 Iman Shumpert
52%
8 Jordan Clarkson
52%
41 Ante Žižić
50%
32 Jeff Green
50%
1 Rodney Hood
50%
81 José Calderón
45%
21 Kendrick Perkins
19%
10 John Holland
10%
15 London Perrantes
5%
No matching quizzes found
Score Distribution
Percent of People with Each Score
Percentile by Number Answered
Your Score History
You have not taken this quiz